| 000 | 00890nam a22002417a 4500 | ||
|---|---|---|---|
| 999 |
_c5478 _d5478 |
||
| 003 | AR-CdUCM | ||
| 008 | 190312b ||||| |||| 00| 0 spa d | ||
| 020 | _a9972-755-38-X | ||
| 040 |
_aMUNICIPALIDAD PROVINCIAL DEL CUSCO _cBIBLIOTECA MUNICIPAL DEL CUSCO |
||
| 082 |
_a985.0633 / _bM14 |
||
| 100 |
_aMacera Dall'Orso, Pablo _916458 |
||
| 245 | _aNueva crónica del Perú siglo XX / | ||
| 260 |
_aLima : _bCongreso del Perú _c2000. |
||
| 300 |
_a580 paginas ; _bIlustraciones, _c23 cm. |
||
| 505 | _aOrigen del mundo Peruano -- Espacio del mundo Peruano -- Tragedia y sociedad -- Población del mundo Peruano -- Ciudades del mundo Peruano... | ||
| 650 |
_aHistoria Peruana _91316 |
||
| 650 |
_aDesatres naturales _916459 |
||
| 650 |
_aRecursos animales _916460 |
||
| 650 |
_aAspecto cultural _916461 |
||
| 856 | _fwebmaster@congreso .gob.pe | ||
| 942 |
_2ddc _cLIBROS |
||
| 945 | _awnts | ||